000 00339nam a2200109Ia 4500
008 220204s9999 xx 000 0 und d
082 _a614.8
_bNAS
100 _aNash, Jay Robert
245 0 _aDarkest hours: A nausative encyclopedia of worldwide disasters from ancient times to the present
260 _aNew York
_bPocket
_c1977
942 _cBK
999 _c32157
_d32157